UK housing stock value climbs £5,000,000,000,000 as London become more dominant (Record no. 84423)

MARC details
000 -LEADER
fixed length control field 00890cad a22002055a 4500
001 - CONTROL NUMBER
control field L157631
008 - FIXED-LENGTH DATA ELEMENTS--GENERAL INFORMATION
fixed length control field 130208e20130202xxk 000 0 eng d
035 ## - SYSTEM CONTROL NUMBER
System control number (Sirsi) u157631
041 0# - LANGUAGE CODE
Language code of text/sound track or separate title eng
110 2# - MAIN ENTRY--CORPORATE NAME
Corporate name or jurisdiction name as entry element Savills
9 (RLIN) 2020
245 00 - TITLE STATEMENT
Title UK housing stock value climbs £5,000,000,000,000 as London become more dominant
260 ## - PUBLICATION, DISTRIBUTION, ETC.
Date of publication, distribution, etc. 2013
490 ## - SERIES STATEMENT
Series statement Savills News
Volume/sequential designation 2 February 2013
520 ## - SUMMARY, ETC.
Summary, etc. The UK's housing stock is valued at £5 trillion as at February 2013 with the concentration of wealth in London and the South East. Lists total value of housing stock by region and by tenure.
590 ## - LOCAL NOTE (RLIN)
Local note KA
651 #4 - SUBJECT ADDED ENTRY--GEOGRAPHIC NAME
Geographic name United Kingdom
Chronological subdivision
690 ## - LOCAL SUBJECT ADDED ENTRY--TOPICAL TERM (OCLC, RLIN)
Topical term or geographic name as entry element Residential property
9 (RLIN) 6266
856 40 - ELECTRONIC LOCATION AND ACCESS
Uniform Resource Identifier <a href="https://www.savills.co.uk/_news/newsitem.aspx?intSitePageId=72418&intNewsSitePageId=144360-0&intNewsMonth=02&intNewsYear=2013">https://www.savills.co.uk/_news/newsitem.aspx?intSitePageId=72418&intNewsSitePageId=144360-0&intNewsMonth=02&intNewsYear=2013</a>
Public note View this item free of charge at www.savills.co.uk
942 ## - ADDED ENTRY ELEMENTS (KOHA)
Suppress in OPAC 0
Holdings
Withdrawn status Lost status Source of classification or shelving scheme Damaged status Not for loan Home library Current library Shelving location Date acquired Total Checkouts Full call number Barcode Date last seen Copy number Price effective from Koha item type
    Dewey Decimal Classification     Virtual Virtual Online 08/02/2013   ONLINE PUBLICATION 157631-2001 06/08/2019 1 06/08/2019 Journal article